Normal view
MARC view
Entry Personal Name
001 - CONTROL NUMBER
- control field: 11639
003 - CONTROL NUMBER IDENTIFIER
- control field: BD-RjUL
005 - DATE AND TIME OF LATEST TRANSACTION
- control field: 20240211162225.0
008 - FIXED-LENGTH DATA ELEMENTS
- fixed length control field: 240211|| aca||aabn | a|a d
040 ## - CATALOGING SOURCE
- Original cataloging agency: BD-RjUL
- Transcribing agency: BD-RjUL
100 ## - HEADING--PERSONAL NAME
- Personal name: Mobarek, Salma
670 ## - SOURCE DATA FOUND
- Source citation: Work cat.: (BD-RjUL)83043: Mobarek, Salma, Resource mobilization for sustainable development union parishads in Bangladesh /, 2022